[Event "FISU World University-ch 2020"]
[Site "Online"]
[Date "2020.10.26"]
[Round "3.13"]
[White "Akhmetov, Ayan"]
[Black "Chaves Williams, Jose Andres"]
[Result "1-0"]
[WhiteElo "2438"]
[BlackElo "1540"]
[Annotator "NA"]
[PlyCount "63"]
[EventDate "2020.10.26"]
[SourceTitle "playchess.com"]
[Source "ChessBase"]
[SourceQuality "1"]

1. e4 c5 2. Nf3 d6 3. d4 cxd4 4. Nxd4 Nf6 5. Nc3 g6 6. Be3 Bg7 7. f3 Nc6 8. Qd2 Nxd4 9. Bxd4 Be6 10. Bb5+ Bd7 11. Bxd7+ Qxd7 12. Nd5 Nh5 13. g4 Nf6 14. Nxf6+ Bxf6 15. Bxf6 exf6 16. O-O-O Rd8 17. Kb1 h5 18. Qd4 hxg4 19. Qxf6 Rh5 20. f4 Qe6 21. Qg7 Ra5 22. a3 b5 23. Rd5 Qxe4 24. Rdd1 Qf5 25. Qh8+ Kd7 26. Rxd6+ Kxd6 27. Rd1+ Kc6 28. Qxd8 b4 29. Rd6+ Kb7 30. Qe7+ Kb8 31. Rd8+ Qc8 32. Qxb4+ 1-0

[Event "FISU World University-ch 2020"]
[Site "Online"]
[Date "2020.10.26"]
[Round "3.13"]
[White "Rakhimzhan, Alen"]
[Black "Arguedas Bolanos, Sharline"]
[Result "1-0"]
[WhiteElo "2273"]
[BlackElo "1319"]
[Annotator "NA"]
[PlyCount "131"]
[EventDate "2020.10.26"]
[SourceTitle "playchess.com"]
[Source "ChessBase"]
[SourceQuality "1"]

1. d4 d5 2. c4 e6 3. Nc3 Nf6 4. Nf3 Be7 5. Bf4 a6 6. e3 O-O 7. c5 b6 8. b4 Bb7 9. Bd3 Ne4 10. Qc2 f5 11. O-O Nc6 12. a3 Rf6 13. Ne5 Nxe5 14. Bxe5 Rh6 15. f3 Ng5 16. Ne2 Nf7 17. c6 Bc8 18. f4 Bd6 19. Rf3 Rg6 20. Kh1 Nh6 21. Raf1 Bxe5 22. dxe5 Qh4 23. Nd4 Ng4 24. h3 Nh6 25. Qf2 Qe7 26. Qe1 Nf7 27. Rg3 Rh6 28. Kg1 Kh8 29. Nf3 Qe8 30. Qc3 Nd8 31. Rc1 Rg6 32. Rxg6 Qxg6 33. a4 Nf7 34. Qa3 Nh6 35. b5 Qe8 36. Qb2 a5 37. Qa3 Nf7 38. Ng5 Nxg5 39. fxg5 Qd8 40. Rf1 g6 41. h4 Kg7 42. Rf4 Qe8 43. g3 Qd8 44. Kg2 Qe8 45. Be2 Kg8 46. Kf2 Qf7 47. Rd4 Qe8 48. Rd1 Qf7 49. Rh1 Qg7 50. Qc3 Qe7 51. Qd4 Qa3 52. h5 Kg7 53. hxg6 hxg6 54. Qh4 Kf7 55. Qh8 Qf8 56. Rh7+ Ke8 57. Qf6 Qxf6 58. gxf6 Kf8 59. Rxc7 g5 60. Bh5 g4 61. Rh7 Kg8 62. Bg6 Rb8 63. f7+ Kf8 64. Rh8+ Kg7 65. f8=Q+ Kxg6 66. Qf6# 1-0

[Event "FISU World University-ch 2020"]
[Site "Online"]
[Date "2020.10.26"]
[Round "3.13"]
[White "Campos Astorga, Priscila"]
[Black "Mezentsev, Ivan"]
[Result "0-1"]
[WhiteElo "1381"]
[BlackElo "2354"]
[Annotator "NA"]
[PlyCount "64"]
[EventDate "2020.10.26"]
[SourceTitle "playchess.com"]
[Source "ChessBase"]
[SourceQuality "1"]

1. e4 c5 2. Nc3 Nc6 3. f4 g6 4. Nf3 Bg7 5. g3 e6 6. Bg2 Nge7 7. d3 O-O 8. O-O d6 9. Be3 Nd4 10. Rb1 Rb8 11. Ne2 Nec6 12. c3 Nxf3+ 13. Bxf3 Ne7 14. e5 b6 15. d4 cxd4 16. cxd4 Bb7 17. Nc3 dxe5 18. Bxb7 exd4 19. Bg2 dxe3 20. Qf3 Nf5 21. Rfd1 Qe7 22. Ne4 Rfd8 23. b3 Rxd1+ 24. Rxd1 Rd8 25. Bh3 Rxd1+ 26. Qxd1 Nd4 27. Bf1 h6 28. Qd3 f5 29. Nc3 Qc5 30. Ne2 Nf3+ 31. Kg2 Ne1+ 32. Kg1 Nxd3 0-1

[Event "FISU World University-ch 2020"]
[Site "Online"]
[Date "2020.10.26"]
[Round "3.13"]
[White "Rosales Gonzalez, Jessica"]
[Black "Muratova, Anel"]
[Result "0-1"]
[WhiteElo "1313"]
[BlackElo "1753"]
[Annotator "NA"]
[PlyCount "84"]
[EventDate "2020.10.26"]
[SourceTitle "playchess.com"]
[Source "ChessBase"]
[SourceQuality "1"]

1. e4 c5 2. Nf3 d6 3. d4 cxd4 4. Nxd4 Nf6 5. f3 g6 6. c4 Bg7 7. Be3 O-O 8. Be2 Nc6 9. Nc3 Bd7 10. O-O a6 11. Qd2 Rc8 12. Rfc1 Ne5 13. b3 Be6 14. Rab1 Kh8 15. Bf1 Qd7 16. Qf2 Nc6 17. Nde2 Nb4 18. Nf4 h6 19. a3 Nc6 20. Nfd5 Bxd5 21. exd5 Ne5 22. Ne4 Nxe4 23. fxe4 Ng4 24. Qg3 Be5 25. Bf4 Bd4+ 26. Kh1 Nf2+ 27. Qxf2 Bxf2 28. Rc2 Bd4 29. Rd1 Bg7 30. Be2 Kh7 31. h3 b5 32. Bg4 f5 33. exf5 gxf5 34. Bf3 bxc4 35. bxc4 Qa4 36. Rcd2 Rxc4 37. Bh2 Qxa3 38. Be2 Rc1 39. Bf3 Rfc8 40. Be2 Rxd1+ 41. Rxd1 Rc1 42. Rxc1 Qxc1+ 0-1

[Event "FISU World University-ch 2020"]
[Site "Online"]
[Date "2020.10.26"]
[Round "3.14"]
[White "Muthaiah AL"]
[Black "Carvajal Pena, Daniel"]
[Result "1-0"]
[WhiteElo "2400"]
[BlackElo "1929"]
[Annotator "NA"]
[PlyCount "47"]
[EventDate "2020.10.26"]
[SourceTitle "playchess.com"]
[Source "ChessBase"]
[SourceQuality "1"]

1. d4 d5 2. Bf4 e6 3. e3 c5 4. c3 Bd6 5. Bg3 Qc7 6. Nd2 Nd7 7. Ngf3 e5 8. dxe5 Nxe5 9. Bxe5 Bxe5 10. Bb5+ Kf8 11. Nxe5 Qxe5 12. Nf3 Qe6 13. O-O a6 14. Ba4 b5 15. Bb3 Nf6 16. e4 Bb7 17. exd5 Bxd5 18. Re1 Bxb3 19. axb3 Qb6 20. Qe2 g6 21. Qe7+ Kg7 22. Ng5 Rhe8 23. Qxf7+ Kh6 24. Ne6 1-0

[Event "FISU World University-ch 2020"]
[Site "Online"]
[Date "2020.10.26"]
[Round "3.14"]
[White "Srija, Seshadri"]
[Black "Solano Cuya, Bryan"]
[Result "0-1"]
[WhiteElo "2219"]
[BlackElo "2242"]
[Annotator "NA"]
[PlyCount "82"]
[EventDate "2020.10.26"]
[SourceTitle "playchess.com"]
[Source "ChessBase"]
[SourceQuality "1"]

1. e4 c6 2. d3 d5 3. Nd2 e5 4. Ngf3 Bg4 5. g3 Nf6 6. Bg2 Nbd7 7. O-O dxe4 8. dxe4 Qc7 9. c3 a5 10. Qc2 h6 11. Re1 Bc5 12. Nc4 O-O 13. Ne3 Be6 14. Nh4 Rfd8 15. h3 Bf8 16. Nef5 Nc5 17. Be3 a4 18. Qe2 a3 19. b3 Ncxe4 20. Bxe4 Nxe4 21. Bxh6 Nxc3 22. Qg4 Rd4 23. Qg5 f6 24. Qh5 Rxh4 25. gxh4 Bxf5 26. Qxf5 gxh6 27. Kh1 Nd5 28. Rg1+ Kh8 29. Rg4 Qh7 30. Qe6 h5 31. Rg3 Bc5 32. f3 Rf8 33. Rd1 Bd4 34. Rd2 Ne3 35. Qd6 Qf7 36. Rg5 fxg5 37. Qh6+ Kg8 38. Qxg5+ Qg7 39. Qxh5 Nf1 40. Qg4 Qxg4 41. fxg4 Nxd2 0-1

[Event "FISU World University-ch 2020"]
[Site "Online"]
[Date "2020.10.26"]
[Round "3.14"]
[White "Ramirez Madrid, Gerardo Alfonso"]
[Black "Varshini, V."]
[Result "1/2-1/2"]
[WhiteElo "2029"]
[BlackElo "2226"]
[Annotator "TA"]
[PlyCount "96"]
[EventDate "2020.10.26"]
[SourceTitle "playchess.com"]
[Source "ChessBase"]
[SourceQuality "1"]

1. Nf3 d5 2. c4 e6 3. g3 Nf6 4. b3 Be7 5. Bg2 O-O 6. O-O b6 7. Bb2 Bb7 8. e3 c5 9. Qe2 Nbd7 10. Rd1 Rc8 11. Nc3 Qc7 12. cxd5 exd5 13. d4 Rfd8 14. Rac1 Qb8 15. dxc5 Nxc5 16. Nd4 Ba6 17. Ncb5 Qb7 18. Nf5 Qd7 19. Nxe7+ Qxe7 20. Bf1 Nce4 21. Qf3 Rxc1 22. Rxc1 Nd2 23. Qg2 Nxf1 24. Qxf1 Ne4 25. h4 Qd7 26. a4 Nc5 27. Qd1 Bxb5 28. axb5 Qxb5 29. Qd4 Ne6 30. Qd1 a5 31. Ba1 Qd7 32. Qg4 Qe7 33. Rc6 Rd6 34. Rc8+ Rd8 35. Rc6 Qb7 36. Rc1 Re8 37. h5 h6 38. Kh2 Rf8 39. Rc2 f5 40. Qg6 Ng5 41. Rc6 b5 42. Rb6 Qd7 43. Rd6 Qb7 44. Rb6 Qd7 45. Rd6 Qb7 46. Rb6 Qd7 47. Rd6 Qb7 48. Rb6 Qd7 1/2-1/2

[Event "FISU World University-ch 2020"]
[Site "Online"]
[Date "2020.10.26"]
[Round "3.14"]
[White "Marin Leon, Valeria"]
[Black "Michelle Catherina, P."]
[Result "0-1"]
[WhiteElo "1678"]
[BlackElo "2176"]
[Annotator "NA"]
[PlyCount "58"]
[EventDate "2020.10.26"]
[SourceTitle "playchess.com"]
[Source "ChessBase"]
[SourceQuality "1"]

1. e4 e5 2. Bc4 Nf6 3. Nc3 Nc6 4. Nf3 Nxe4 5. Nxe4 d5 6. Bd3 dxe4 7. Bxe4 Bd6 8. O-O O-O 9. d4 Nxd4 10. Nxd4 exd4 11. Qh5 g6 12. Qd5 c6 13. Qc4 Be6 14. Qd3 Re8 15. Bh6 Qh4 16. Bf4 Qxf4 17. g3 Qf6 18. Bg2 Bf5 19. Qd2 Rad8 20. Rfe1 Bc7 21. Rad1 Rxe1+ 22. Rxe1 b6 23. Qb4 Bxc2 24. Re7 Bd6 25. Qc4 Bxe7 26. Qxc2 d3 27. Qd2 Bb4 28. Qd1 d2 29. Bxc6 Qxc6 0-1

[Event "FISU World University-ch 2020"]
[Site "Online"]
[Date "2020.10.26"]
[Round "3.15"]
[White "Pang, Tao"]
[Black "Ojeda Ossa, Daniel De Jesus"]
[Result "1-0"]
[WhiteElo "2427"]
[BlackElo "1884"]
[Annotator "NA"]
[PlyCount "93"]
[EventDate "2020.10.26"]
[SourceTitle "playchess.com"]
[Source "ChessBase"]
[SourceQuality "1"]

1. d4 d5 2. Nf3 Nf6 3. c4 dxc4 4. Nc3 c5 5. d5 e6 6. e4 exd5 7. exd5 Bd6 8. Bxc4 O-O 9. O-O a6 10. a4 Bg4 11. Bg5 Nbd7 12. Ne4 Qc7 13. Bxf6 Nxf6 14. Nxf6+ gxf6 15. h3 Bh5 16. Ra3 Kh8 17. Qc2 Rg8 18. Qf5 Bg6 19. Qxf6+ Rg7 20. Re3 Qd8 21. Qc3 Kg8 22. Rfe1 Bf5 23. Ne5 Qh4 24. Be2 Qd4 25. Bg4 f6 26. Nc4 Bxg4 27. Nxd6 Bd7 28. Qxd4 cxd4 29. Rd3 b6 30. Rxd4 Bxh3 31. g3 Rd7 32. Nc4 Rb8 33. Ne3 Rd6 34. Rc1 Rb7 35. Rdc4 Bd7 36. Kg2 b5 37. axb5 Rxb5 38. R1c2 Kf7 39. Rc5 Rb4 40. Nc4 Rxc4 41. R2xc4 Kg6 42. Rb4 Bb5 43. Kf3 h5 44. Ke4 Rd8 45. Kd4 Kf5 46. Rb3 Kg4 47. Rc7 1-0

[Event "FISU World University-ch 2020"]
[Site "Online"]
[Date "2020.10.26"]
[Round "3.15"]
[White "Argote Heredia, Valentina"]
[Black "Zhang, Yinzhe"]
[Result "1-0"]
[WhiteElo "2150"]
[BlackElo "1960"]
[Annotator "NA"]
[PlyCount "45"]
[EventDate "2020.10.26"]
[SourceTitle "playchess.com"]
[Source "ChessBase"]
[SourceQuality "1"]

1. e4 c5 2. Nf3 d6 3. d4 cxd4 4. Nxd4 Nf6 5. Nc3 a6 6. Bg5 Nbd7 7. f4 e5 8. Nf5 Qb6 9. Qd2 h6 10. Bh4 Qxb2 11. Rb1 Qa3 12. Bc4 Qc5 13. Bb3 exf4 14. Bf2 Qc7 15. O-O g6 16. Nd5 Nxd5 17. Qxd5 Ne5 18. Ba4+ Bd7 19. Rxb7 Qc8 20. Bxd7+ Nxd7 21. Rxd7 Kxd7 22. Qxf7+ Kc6 23. Nd4+ 1-0

[Event "FISU World University-ch 2020"]
[Site "Online"]
[Date "2020.10.26"]
[Round "3.15"]
[White "Dominguez, Laura Lucia"]
[Black "Ma, Xinyi"]
[Result "1-0"]
[WhiteElo "1970"]
[BlackElo "1206"]
[Annotator "NA"]
[PlyCount "103"]
[EventDate "2020.10.26"]
[SourceTitle "playchess.com"]
[Source "ChessBase"]
[SourceQuality "1"]

1. e4 e5 2. Nf3 Nf6 3. d3 Nc6 4. c3 Be7 5. Qc2 d5 6. Be2 O-O 7. O-O h6 8. Rd1 Bg4 9. b3 Bxf3 10. Bxf3 d4 11. c4 Nh7 12. g3 Kh8 13. Qe2 Bg5 14. Nd2 Be7 15. a3 Ng5 16. Bg2 f5 17. h4 Nh7 18. exf5 Rxf5 19. Ne4 Qf8 20. b4 a6 21. Rf1 Rf7 22. Bd2 Nf6 23. Rae1 Re8 24. Nxf6 Bxf6 25. Be4 Rfe7 26. Qh5 Re6 27. Qf5 Qg8 28. Bd5 Bd8 29. f4 Rf6 30. Qxf6 gxf6 31. Bxg8 Rxg8 32. Kh2 h5 33. fxe5 Nxe5 34. Re4 Ng4+ 35. Kh3 Rf8 36. Rxd4 Kh7 37. Rd7+ Kg6 38. Bf4 Re8 39. Kg2 b6 40. Rb1 c5 41. bxc5 bxc5 42. Rb2 Ba5 43. Kf3 Bc3 44. Re2 Rc8 45. Ree7 Ne5+ 46. Bxe5 Bxe5 47. Ra7 Rc6 48. Ke4 Rc7 49. Raxc7 Bxc7 50. Rxc7 f5+ 51. Kf4 Kf6 52. Rxc5 1-0

[Event "FISU World University-ch 2020"]
[Site "Online"]
[Date "2020.10.26"]
[Round "3.15"]
[White "Wang, Zihao"]
[Black "Gaviria, Andres Felipe"]
[Result "1-0"]
[WhiteElo "1811"]
[BlackElo "2065"]
[Annotator "NA"]
[PlyCount "91"]
[EventDate "2020.10.26"]
[SourceTitle "playchess.com"]
[Source "ChessBase"]
[SourceQuality "1"]

1. e4 c6 2. d4 d5 3. Nc3 dxe4 4. Nxe4 Bf5 5. Ng3 Bg6 6. h4 h6 7. Nf3 Nd7 8. h5 Bh7 9. Bd3 Bxd3 10. Qxd3 Ngf6 11. Bd2 e6 12. O-O-O Be7 13. Ne4 O-O 14. g4 Nxe4 15. Qxe4 Nf6 16. Qe2 Qd5 17. g5 Qxa2 18. c3 hxg5 19. h6 g6 20. Bxg5 Qd5 21. h7+ Kh8 22. Ne5 b5 23. Bh6 b4 24. c4 Qa5 25. Qf3 b3 26. Nxc6 Qa1+ 27. Kd2 Qxb2+ 28. Ke1 Qa3 29. Bxf8 Rxf8 30. Nxe7 Qxe7 31. Qxb3 e5 32. d5 Ne4 33. Qd3 Qb4+ 34. Kf1 Nd6 35. Rc1 Rc8 36. Qc3 Qxc3 37. Rxc3 Rxc4 38. Rxc4 Nxc4 39. Ke2 f5 40. Ra1 a5 41. Ra4 Nd6 42. Rxa5 Kxh7 43. Ra6 Nf7 44. d6 Kg7 45. d7 Kf8 46. Re6 1-0

[Event "FISU World University-ch 2020"]
[Site "Online"]
[Date "2020.10.26"]
[Round "3.16"]
[White "Gonzalez Lopez, Nicolas Mateo"]
[Black "Lovo, Nicolas"]
[Result "1-0"]
[WhiteElo "2200"]
[BlackElo "1756"]
[Annotator "NA"]
[PlyCount "71"]
[EventDate "2020.10.26"]
[SourceTitle "playchess.com"]
[Source "ChessBase"]
[SourceQuality "1"]

1. e4 c5 2. Nf3 d6 3. d4 cxd4 4. Nxd4 Nf6 5. Nc3 a6 6. h3 e5 7. Nde2 Be6 8. g4 Nc6 9. Bg2 Be7 10. O-O O-O 11. Be3 Rc8 12. f4 exf4 13. Nxf4 Ne5 14. Ncd5 Nxd5 15. exd5 Bd7 16. Bd4 Ng6 17. Nh5 f6 18. Be4 Qc7 19. a4 b5 20. a5 Qb8 21. Qd3 Be8 22. Rae1 Qb7 23. c3 Bf7 24. Qf3 Ne5 25. Qg2 Bg6 26. Bxg6 Nxg6 27. Ng3 Rfe8 28. Nf5 Bf8 29. Rxe8 Rxe8 30. h4 Ne5 31. g5 fxg5 32. hxg5 Nc4 33. g6 h6 34. Qf3 Nxa5 35. Nxh6+ gxh6 36. Qf7+ 1-0

[Event "FISU World University-ch 2020"]
[Site "Online"]
[Date "2020.10.26"]
[Round "3.16"]
[White "Pinillo Canon, Silvana"]
[Black "Mejia Varela, Fernando Alexis"]
[Result "1/2-1/2"]
[WhiteElo "1785"]
[BlackElo "1614"]
[Annotator "NA RC"]
[PlyCount "140"]
[EventDate "2020.10.26"]
[SourceTitle "playchess.com"]
[Source "ChessBase"]
[SourceQuality "1"]

1. e4 c5 2. Nf3 d6 3. d4 cxd4 4. Nxd4 Nf6 5. Nc3 a6 6. Be2 e5 7. Nb3 Be6 8. a4 Be7 9. O-O Qc7 10. Be3 Nbd7 11. f3 Rc8 12. Kh1 Nb6 13. Qd2 Bc4 14. Na5 d5 15. exd5 Bxe2 16. Qxe2 Nbxd5 17. Nxd5 Nxd5 18. Bd2 O-O 19. b3 Qxc2 20. Rfc1 Qb2 21. Rcb1 Qc2 22. Rc1 Qb2 23. Rcb1 Nf4 24. Rxb2 Nxe2 25. Nxb7 Rc7 26. Na5 Rfc8 27. Nc4 Bf6 28. Ba5 Rxc4 29. Rxe2 Rc1+ 30. Re1 Rxa1 31. Rxa1 Rc2 32. Rb1 g6 33. Kg1 Be7 34. Kf1 Kg7 35. Be1 f5 36. b4 Kf7 37. b5 axb5 38. axb5 Ke6 39. b6 Bd6 40. Ba5 e4 41. fxe4 Bxh2 42. exf5+ gxf5 43. b7 Bb8 44. Rb6+ Kd7 45. Rb5 Kc6 46. Rxf5 Kxb7 47. Rh5 Ka6 48. Bd8 Bc7 49. Rh6+ Kb5 50. Rh5+ Kb6 51. Bh4 h6 52. Rxh6+ Kc5 53. Bf2+ Kd5 54. Rh5+ Ke4 55. Rh4+ Kf5 56. g3 Rc3 57. Kg2 Rc2 58. Rd4 Bb6 59. Rf4+ Ke6 60. Kf1 Bxf2 61. Rxf2 Rxf2+ 62. Kxf2 Kf5 63. Kf3 Kg5 64. g4 Kg6 65. Kf4 Kf6 66. g5+ Kg7 67. Kf5 Kf7 68. g6+ Kg8 69. Kg5 Kg7 70. Kh5 Kg8 1/2-1/2

[Event "FISU World University-ch 2020"]
[Site "Online"]
[Date "2020.10.26"]
[Round "3.16"]
[White "Garcia, Andrea Nicole"]
[Black "Zuleta, Juan Carlos"]
[Result "0-1"]
[WhiteElo "1654"]
[BlackElo "1934"]
[Annotator "NA"]
[PlyCount "108"]
[EventDate "2020.10.26"]
[SourceTitle "playchess.com"]
[Source "ChessBase"]
[SourceQuality "1"]

1. e4 c5 2. Nc3 e6 3. d3 a6 4. g3 Ne7 5. Bg2 g6 6. Be3 d6 7. Qd2 Bg7 8. Bh6 O-O 9. h4 f6 10. Bxg7 Kxg7 11. h5 g5 12. f4 h6 13. Nf3 Nec6 14. O-O-O Nd4 15. Nxd4 cxd4 16. Ne2 Nc6 17. fxg5 fxg5 18. Rdf1 e5 19. Rxf8 Qxf8 20. Rf1 Qe7 21. Ng1 Be6 22. Qf2 Rf8 23. Qxf8+ Qxf8 24. Rxf8 Kxf8 25. Bf3 g4 26. Bd1 Ne7 27. c3 dxc3 28. bxc3 Ng8 29. Bb3 Bxb3 30. axb3 Nf6 31. Ne2 Nxh5 32. Kb2 Ke7 33. Ka3 b6 34. Kb4 Kd7 35. Kc4 Nf6 36. b4 Kc6 37. Kb3 d5 38. exd5+ Nxd5 39. c4 Ne3 40. Kc3 Nf5 41. Kd2 h5 42. Ke1 a5 43. bxa5 bxa5 44. Kf2 a4 45. Nc3 a3 46. Na2 Kc5 47. Nc1 Kd4 48. Na2 Kxd3 49. c5 Nd4 50. Nc1+ Kc2 51. Ne2 a2 52. Nxd4+ exd4 53. c6 a1=Q 54. c7 Qc3 0-1

[Event "FISU World University-ch 2020"]
[Site "Online"]
[Date "2020.10.26"]
[Round "3.17"]
[White "Serikbay, Chingiz"]
[Black "Felix Soto, Alfredo"]
[Result "1/2-1/2"]
[WhiteElo "2338"]
[BlackElo "2075"]
[Annotator "NA"]
[PlyCount "95"]
[EventDate "2020.10.26"]
[SourceTitle "playchess.com"]
[Source "ChessBase"]
[SourceQuality "1"]

1. d4 d5 2. Nf3 Nf6 3. Bf4 e6 4. e3 Bd6 5. Bg3 O-O 6. Nbd2 b6 7. Bd3 Bb7 8. O-O c5 9. c3 Nc6 10. Qe2 Rc8 11. Rad1 Qc7 12. dxc5 Bxg3 13. hxg3 bxc5 14. e4 g6 15. Rfe1 Ne5 16. Nxe5 Qxe5 17. exd5 Qxe2 18. Rxe2 Bxd5 19. c4 Ba8 20. Nf3 Rfd8 21. Ne5 Rd4 22. Bc2 Rcd8 23. Rxd4 Rxd4 24. f3 Nd7 25. Nxd7 Rxd7 26. Kf2 Kf8 27. Ke3 Rd4 28. Bd3 e5 29. g4 Ke7 30. Re1 h5 31. gxh5 gxh5 32. Rh1 h4 33. b3 Ke6 34. Be4 Bxe4 35. fxe4 f5 36. Rxh4 f4+ 37. Kf3 Rd3+ 38. Kf2 Rd2+ 39. Kf3 Rd3+ 40. Kf2 Rd2+ 41. Kf1 Rxa2 42. Rh6+ Kd7 43. Rh7+ Kd6 44. Rh6+ Kd7 45. Rh5 Kd6 46. Rh6+ Kd7 47. Rh7+ Kd6 48. Rh6+ 1/2-1/2

[Event "FISU World University-ch 2020"]
[Site "Online"]
[Date "2020.10.26"]
[Round "3.17"]
[White "Velo Arredondo, Alonso"]
[Black "Mukhit, Aisezym"]
[Result "1-0"]
[WhiteElo "2068"]
[BlackElo "1919"]
[Annotator "NA"]
[PlyCount "119"]
[EventDate "2020.10.26"]
[SourceTitle "playchess.com"]
[Source "ChessBase"]
[SourceQuality "1"]

1. e4 c5 2. Nf3 e6 3. c3 Nf6 4. e5 Nd5 5. g3 d6 6. exd6 Bxd6 7. Bg2 Nc6 8. O-O O-O 9. d4 Qc7 10. Na3 a6 11. c4 Nf6 12. dxc5 Bxc5 13. Nc2 e5 14. Be3 Bxe3 15. Nxe3 Be6 16. Ng5 Qe7 17. Nxe6 Qxe6 18. Bd5 Qh3 19. Bxc6 bxc6 20. Qf3 e4 21. Qf5 Qh6 22. Rfd1 Rfd8 23. Qa5 Rd3 24. Rxd3 exd3 25. Rd1 Qg6 26. Qf5 Rb8 27. b3 Qxf5 28. Nxf5 Rd8 29. Ne7+ Kf8 30. Nxc6 Rd6 31. Ne5 d2 32. f3 a5 33. Kf2 Ke7 34. Ng4 Nd7 35. Ne3 Nf6 36. Nf5+ Ke6 37. Nxd6 Kxd6 38. Rxd2+ Kc5 39. Rd8 Kb4 40. Rb8+ Ka3 41. Rb5 Kxa2 42. Rxa5+ Kxb3 43. Ra7 Kxc4 44. Rxf7 Nh5 45. g4 Nf6 46. Rxg7 Kd4 47. Rf7 Ke5 48. Rxf6 Kxf6 49. h4 Kg6 50. Kg3 Kf6 51. Kf4 Kg6 52. Ke5 h5 53. gxh5+ Kxh5 54. f4 Kxh4 55. f5 Kg5 56. f6 Kg6 57. Ke6 Kh7 58. Ke7 Kg8 59. f7+ Kh7 60. f8=Q 1-0

[Event "FISU World University-ch 2020"]
[Site "Online"]
[Date "2020.10.26"]
[Round "3.17"]
[White "Barmagambetova, Sakypzhamal"]
[Black "Baltazar Ibanez, Diego"]
[Result "1/2-1/2"]
[WhiteElo "1894"]
[BlackElo "2054"]
[Annotator "ChessBase"]
[PlyCount "157"]
[EventDate "2020.10.26"]
[SourceTitle "playchess.com"]
[Source "ChessBase"]
[SourceQuality "1"]

1. d4 Nf6 2. Nf3 g6 3. c4 Bg7 4. Nc3 d6 5. e4 O-O 6. h3 e5 7. d5 a5 8. Be3 Na6 9. g4 Nc5 10. Bxc5 dxc5 11. Bg2 Ne8 12. Qd2 Nd6 13. Qe2 Bd7 14. O-O a4 15. Rab1 Qe7 16. Rfd1 Ra5 17. b3 Rfa8 18. Nd2 b6 19. Rb2 Bh6 20. Rdb1 axb3 21. axb3 Ra3 22. Nf3 Bf4 23. Ne1 Kh8 24. Qd3 Rg8 25. Ne2 Bh6 26. Nc2 Raa8 27. b4 f5 28. f3 Raf8 29. Rf1 fxe4 30. fxe4 Rxf1+ 31. Bxf1 Rf8 32. Rb1 Qf6 33. Bg2 cxb4 34. Nxb4 Qf2+ 35. Kh1 Qe3 36. Qxe3 Bxe3 37. Na6 Rc8 38. Rf1 Kg7 39. Nb4 Nxc4 40. Nd3 Re8 41. Nc3 Bd4 42. Ne2 Ne3 43. Rc1 Rc8 44. Nxd4 exd4 45. e5 Nxg2 46. Kxg2 c5 47. dxc6 Rxc6 48. Re1 Rc2+ 49. Kf3 Bc6+ 50. Kf4 Rc3 51. Rd1 h6 52. g5 hxg5+ 53. Kxg5 b5 54. Nb4 Bd7 55. Rxd4 Bxh3 56. Kf4 Rc1 57. Kg3 Bf5 58. Rd5 Rc3+ 59. Kf2 Kf7 60. Rxb5 Ke6 61. Nd5 Rc2+ 62. Kg3 Be4 63. Nf4+ Ke7 64. Rb4 Rc3+ 65. Kg4 Bf5+ 66. Kg5 Rg3+ 67. Kh6 Rg1 68. Rb7+ Kf8 69. e6 Re1 70. Kg5 Bxe6 71. Kf6 Bc8 72. Rb8 Rc1 73. Nxg6+ Ke8 74. Nf4 Rc6+ 75. Ke5 Kd7 76. Nd5 Re6+ 77. Kd4 Ba6 78. Rb6 Rxb6 79. Nxb6+ 1/2-1/2

[Event "FISU World University-ch 2020"]
[Site "Online"]
[Date "2020.10.26"]
[Round "3.17"]
[White "Torres Rosas, Rita Rosalia"]
[Black "Barmagambetov, Sagynysh"]
[Result "0-1"]
[WhiteElo "1859"]
[BlackElo "1776"]
[Annotator "NA"]
[PlyCount "180"]
[EventDate "2020.10.26"]
[SourceTitle "playchess.com"]
[Source "ChessBase"]
[SourceQuality "1"]

1. d4 e6 2. c4 Nf6 3. Nc3 d5 4. cxd5 exd5 5. Bg5 Be6 6. e3 Nbd7 7. Bd3 h6 8. Bh4 Be7 9. Nge2 c5 10. O-O c4 11. Bc2 O-O 12. f3 a6 13. Qe1 b5 14. a3 Qb6 15. Bf2 b4 16. axb4 Bxb4 17. Qc1 Qc7 18. Bg3 Bd6 19. e4 dxe4 20. fxe4 Bxg3 21. Nxg3 Qb6 22. Qd2 Rfd8 23. Kh1 Ne5 24. d5 Bd7 25. h3 Qd6 26. Qf4 Qe7 27. Ba4 Nd3 28. Qd2 Qe5 29. Rf3 Bxa4 30. Rxa4 Rab8 31. Rxc4 Nxb2 32. Rc6 Rd6 33. Rxd6 Qxd6 34. Qf2 Nc4 35. Nf5 Qe5 36. Qg3 Qxg3 37. Rxg3 Nh5 38. Rf3 Kh7 39. Kh2 Nf6 40. Nd4 Nd2 41. Rf4 Rb4 42. Nc6 Rc4 43. Rf2 Rxc3 44. Rxd2 Nxe4 45. Rd4 Nd6 46. Ne5 a5 47. Nc6 Rc5 48. h4 Kg6 49. Rf4 f5 50. g4 fxg4 51. Ne7+ Kh7 52. Rxg4 Rc7 53. Nc6 Nb7 54. h5 Rd7 55. Rd4 a4 56. Ne5 Rd6 57. Nf7 Rf6 58. Ne5 Rf5 59. Nc4 Rxh5+ 60. Kg3 Rg5+ 61. Kf3 Nc5 62. d6 Nd7 63. Na3 Ra5 64. Ke4 Kg6 65. Kd3 Kf6 66. Nc4 Ra6 67. Kc3 a3 68. Rd1 a2 69. Kb2 Ke6 70. Ka1 g5 71. Kb2 a1=Q+ 72. Rxa1 Rxa1 73. Kxa1 Kd5 74. Ne3+ Ke4 75. Ng4 h5 76. Nf2+ Kf3 77. Nh3 g4 78. Ng5+ Kf4 79. Ne6+ Kf3 80. Kb2 g3 81. Nd4+ Ke3 82. Nf5+ Kf4 83. Nh4 Kg4 84. Ng2 h4 85. Kc3 h3 86. Ne3+ Kf3 87. Nf5 h2 88. Nd4+ Kg2 89. Ne2 h1=Q 90. Kd2 Qh6+ 0-1

[Event "FISU World University-ch 2020"]
[Site "Online"]
[Date "2020.10.26"]
[Round "3.18"]
[White "Nurzhanov, Timur"]
[Black "Chavez Pena, Gonzalo Ignacio"]
[Result "0-1"]
[WhiteElo "2292"]
[BlackElo "1787"]
[Annotator "NA"]
[PlyCount "56"]
[EventDate "2020.10.26"]
[SourceTitle "playchess.com"]
[Source "ChessBase"]
[SourceQuality "1"]

1. d4 Nf6 2. c4 g6 3. Nc3 Bg7 4. e4 d6 5. Nf3 O-O 6. Be2 e5 7. O-O Nc6 8. d5 Ne7 9. b4 Ne8 10. c5 f5 11. Qb3 h6 12. Bd2 Nf6 13. Nxe5 Nxe4 14. Nxe4 fxe4 15. Ng4 Bxg4 16. Bxg4 Bxa1 17. Be6+ Kh7 18. Rxa1 Nf5 19. Re1 Qf6 20. Rxe4 Nd4 21. Qe3 Nxe6 22. Rxe6 Qa1+ 23. Bc1 g5 24. h4 Rae8 25. Qd3+ Kg8 26. Rg6+ Kf7 27. Qf5+ Ke7 28. Rg7+ Qxg7 0-1

[Event "FISU World University-ch 2020"]
[Site "Online"]
[Date "2020.10.26"]
[Round "3.18"]
[White "Rosales Schulz, Robin"]
[Black "Makhnev, Denis"]
[Result "1-0"]
[WhiteElo "2133"]
[BlackElo "2486"]
[Annotator "ChessBase"]
[PlyCount "133"]
[EventDate "2020.10.26"]
[SourceTitle "playchess.com"]
[Source "ChessBase"]
[SourceQuality "1"]

1. d4 d5 2. c4 dxc4 3. Nf3 Nf6 4. e3 Nc6 5. Bxc4 e5 6. O-O exd4 7. exd4 Be7 8. Nc3 O-O 9. h3 Bf5 10. Re1 h6 11. Bf4 a6 12. g4 Bh7 13. Rc1 b5 14. Bb3 Bd6 15. Ne5 Na5 16. Bc2 Bxc2 17. Qxc2 Nc4 18. a4 Nb6 19. axb5 Nfd5 20. Nxd5 Nxd5 21. Nc6 Qh4 22. Bxd6 cxd6 23. Qf5 Nb6 24. Ne7+ Kh8 25. bxa6 Qxh3 26. Rc6 Rxa6 27. Ng6+ fxg6 28. Qxf8+ Kh7 29. Qxd6 Qxg4+ 30. Qg3 Qh5 31. b4 Qf5 32. b5 Ra4 33. Rxb6 Rxd4 34. Re5 Qb1+ 35. Kg2 h5 36. Rg5 Rd1 37. Qe3 Rg1+ 38. Kf3 Qd1+ 39. Ke4 Re1 40. Rbxg6 Rxe3+ 41. fxe3 Qc2+ 42. Kd5 Qd3+ 43. Kc6 Qc3+ 44. Kb7 h4 45. Rc6 Qb4 46. Rgc5 h3 47. Rh5+ Kg8 48. b6 Qg4 49. Rcc5 Qg2+ 50. Ka7 Qa2+ 51. Ra5 Qd2 52. b7 Qxe3+ 53. Rhc5 Qe7 54. Ka8 Qe4 55. Re5 Qc6 56. Rec5 Qe4 57. Ka7 Qe7 58. Ka8 Qe4 59. Rd5 Qg2 60. b8=Q+ Kh7 61. Qb1+ Kh6 62. Ra6+ g6 63. Qxg6+ Qxg6 64. Rxg6+ Kxg6 65. Rd3 h2 66. Rh3 h1=Q+ 67. Rxh1 1-0